[Event "ODJM B 2017"]
[Site "Willingen GER"]
[Date "2017.06.04"]
[Round "2"]
[White "Grimm, Nicola Marie"]
[Black "Robelly, David"]
[Result "0-1"]
[Termination "normal"]
[Board "26"]
[WhiteElo "1239"]
[BlackElo "1058"]
[PlyCount "64"]
[WhiteFideId "12988987"]
[BlackFideId "16236300"]
[EventCountry "GER"]
[EventRounds "9"]
[EventType "swiss"]
[EventDate "2017.06.03"]

1. d4 d5 2. Bf4 c6 3. e3 e6 4. c3 Nf6 5. Nf3 Nbd7 6. Nbd2 b6 7. Be2 Bb7 8. Qc2
g6 9. a3 Bg7 10. Ne5 O-O 11. h4 c5 12. h5 cxd4 13. exd4 Ne4 14. Bd3 Ndf6 15.
hxg6 fxg6 16. f3 Nd6 17. Bh6 Bxh6 18. Rxh6 Nf7 19. Rh3 Nxe5 20. dxe5 Nd7 21.
Bxg6 h6 22. Rxh6 Qg5 23. Bh7+ Kf7 24. Bg6+ Ke7 25. Rh7+ Kd8 26. Qa4 Qxe5+ 27.
Kd1 Qd6 28. Kc2 e5 29. Rd1 Qxg6+ 30. Kc1 Qxh7 31. Qg4 Nc5 32. Qb4 Nd3+ 0-1

[Event "ODJM B 2017"]
[Site "Willingen GER"]
[Date "2017.06.04"]
[Round "2"]
[White "Kiefhaber, Tobias"]
[Black "Köber, Simon"]
[Result "1-0"]
[Termination "normal"]
[Board "27"]
[WhiteElo "1093"]
[BlackElo "1232"]
[PlyCount "64"]
[WhiteFideId "16240693"]
[BlackFideId "16245083"]
[EventCountry "GER"]
[EventRounds "9"]
[EventType "swiss"]
[EventDate "2017.06.03"]

1. d4 d5 2. c4 e6 3. Nc3 Bb4 4. Nf3 Bxc3+ 5. bxc3 Nc6 6. Bf4 Nf6 7. e3 Ne4 8.
Qc2 g5 9. Be5 Nxe5 10. Nxe5 f6 11. cxd5 exd5 12. Bb5+ c6 13. Nxc6 bxc6 14.
Bxc6+ Bd7 15. Bxd5 Bf5 16. Bxe4 Bxe4 17. Qxe4+ Kf7 18. O-O Qd6 19. Rab1 Rae8
20. Rb7+ Re7 21. Rxe7+ Qxe7 22. Qxe7+ Kxe7 23. Rb1 Kf7 24. Rb7+ Kg6 25. a4 Rc8
26. Rxa7 Rxc3 27. g3 Ra3 28. a5 h6 29. Ra8 f5 30. a6 Kh5 31. a7 Kg4 32. Kg2 h5
1-0

[Event "ODJM B 2017"]
[Site "Willingen GER"]
[Date "2017.06.04"]
[Round "2"]
[White "Eichstaedt, Ina"]
[Black "Pham, Anh Tuan"]
[Result "1-0"]
[Termination "normal"]
[Board "28"]
[WhiteElo "1215"]
[BlackElo "1017"]
[PlyCount "29"]
[WhiteFideId "1270265"]
[BlackFideId "16245229"]
[EventCountry "GER"]
[EventRounds "9"]
[EventType "swiss"]
[EventDate "2017.06.03"]

1. f4 d5 2. Nf3 Nc6 3. e3 a6 4. d4 Bg4 5. Nbd2 Nf6 6. Bd3 e6 7. O-O Be7 8. c3
O-O 9. Qe2 Qd7 10. h3 Bh5 11. g4 Bxg4 12. hxg4 Nxg4 13. Nh2 Nxh2 14. Qxh2 b5
15. Qxh7# 1-0

[Event "ODJM B 2017"]
[Site "Willingen GER"]
[Date "2017.06.04"]
[Round "2"]
[White "Bendtschneider, Nils"]
[Black "Reuker, Ronja"]
[Result "0-1"]
[Termination "normal"]
[Board "29"]
[WhiteElo "1080"]
[BlackElo "1331"]
[PlyCount "58"]
[WhiteFideId "16245180"]
[BlackFideId "12947172"]
[EventCountry "GER"]
[EventRounds "9"]
[EventType "swiss"]
[EventDate "2017.06.03"]

1. e4 e5 2. Nf3 Nc6 3. Nc3 Nf6 4. Bb5 d6 5. d3 Be7 6. Be3 O-O 7. O-O Bg4 8. h3
Bh5 9. Nd5 Nxd5 10. exd5 Nd4 11. Bxd4 exd4 12. Re1 a6 13. Bc4 f5 14. Qe2 Bxf3
15. Qxf3 Bh4 16. Qf4 Bf6 17. Qxf5 Kh8 18. Qe4 Be5 19. Rf1 Rf4 20. Qe2 Qf6 21.
g3 Rf3 22. Kg2 Rf8 23. Rac1 h5 24. g4 Qf4 25. Qxe5 Qxe5 26. Rce1 Qf4 27. Re2
hxg4 28. h4 Rg3+ 29. fxg3 Qxf1+ 0-1

[Event "ODJM B 2017"]
[Site "Willingen GER"]
[Date "2017.06.04"]
[Round "2"]
[White "Lorenz, Anouk"]
[Black "Duong, Nhat-Minh"]
[Result "0-1"]
[Termination "normal"]
[Board "30"]
[WhiteElo "1210"]
[BlackElo "936"]
[PlyCount "140"]
[WhiteFideId "12990256"]
[BlackFideId "16245261"]
[EventCountry "GER"]
[EventRounds "9"]
[EventType "swiss"]
[EventDate "2017.06.03"]

1. e4 e5 2. Nf3 Nc6 3. Bc4 Nf6 4. Nc3 Nxe4 5. Nxe4 d5 6. Bd3 dxe4 7. Bxe4 Bc5
8. O-O O-O 9. Bxc6 bxc6 10. Nxe5 Qd5 11. Nf3 Re8 12. d4 Bb6 13. b3 Bg4 14. Be3
Rad8 15. c3 Qe6 16. Re1 Qg6 17. a4 a6 18. a5 Ba7 19. Kh1 c5 20. h3 Be6 21. Ne5
Qf5 22. Qd2 cxd4 23. Bxd4 c5 24. g4 Bd5+ 25. Kg1 Qc8 26. Bxc5 Bxc5 27. b4 Ba8
28. Qf4 f6 29. Qc4+ Bd5 30. Qxc5 Rxe5 31. Rxe5 fxe5 32. Re1 e4 33. Rd1 Ba8 34.
Qxc8 Rxc8 35. Rc1 Bd5 36. Kf1 Bc4+ 37. Ke1 Rd8 38. Rd1 Rxd1+ 39. Kxd1 Kf7 40.
Kd2 Ke6 41. Ke3 Ke5 42. f4+ Kd5 43. h4 g6 44. f5 gxf5 45. gxf5 Ke5 46. f6 Bd5
47. h5 Kxf6 48. Kf4 h6 49. Ke3 Kg5 50. Ke2 Kxh5 51. b5 axb5 52. a6 Ba8 53. Ke3
Kg5 54. Kd4 Kf5 55. c4 bxc4 56. Kxc4 Ke6 57. Kd4 Kd7 58. Ke3 Kc7 59. a7 Kb6 60.
Kf4 Kxa7 61. Kg4 e3 62. Kg3 Kb6 63. Kh4 e2 64. Kh5 e1=Q 65. Kxh6 Qg1 66. Kh5
Kc5 67. Kh6 Kd6 68. Kh5 Ke5 69. Kh4 Kf4 70. Kh5 Qg5# 0-1

[Event "ODJM B 2017"]
[Site "Willingen GER"]
[Date "2017.06.04"]
[Round "2"]
[White "Kessen, Fanny"]
[Black "Hoppstädter, Daniel"]
[Result "1-0"]
[Termination "normal"]
[Board "31"]
[WhiteElo "1213"]
[BlackElo "911"]
[PlyCount "67"]
[WhiteFideId "16217357"]
[BlackFideId "16243625"]
[EventCountry "GER"]
[EventRounds "9"]
[EventType "swiss"]
[EventDate "2017.06.03"]

1. e4 e6 2. d4 d5 3. exd5 exd5 4. Nf3 Nc6 5. g3 Bg4 6. Bg2 Bxf3 7. Qxf3 Nxd4 8.
Qe3+ Qe7 9. Qxe7+ Bxe7 10. Kd1 Nf6 11. Nc3 Ng4 12. Rf1 Nxh2 13. Rh1 Ng4 14. Rf1
O-O 15. Nxd5 Rfe8 16. Nxc7 Nb5 17. Nxb5 Rad8+ 18. Bd2 Bg5 19. f4 Bf6 20. c3
Ne3+ 21. Kc1 Nxf1 22. Bxf1 Re7 23. Kc2 Red7 24. Be3 a6 25. Na3 b5 26. Bh3 Rd3
27. Re1 Re8 28. Kxd3 Bd8 29. Nc2 Bc7 30. Bc5 Rd8+ 31. Nd4 Rd5 32. b4 a5 33. Bg2
Rh5 34. Re8# 1-0

[Event "ODJM B 2017"]
[Site "Willingen GER"]
[Date "2017.06.04"]
[Round "2"]
[White "Wilmink, Luca"]
[Black "Seliokaite, Ana"]
[Result "0-1"]
[Termination "normal"]
[Board "32"]
[WhiteElo "968"]
[BlackElo "1283"]
[PlyCount "124"]
[WhiteFideId "16245253"]
[BlackFideId "16224817"]
[EventCountry "GER"]
[EventRounds "9"]
[EventType "swiss"]
[EventDate "2017.06.03"]

1. e4 c5 2. Nf3 Nc6 3. d4 cxd4 4. Nxd4 g6 5. Nc3 Bg7 6. Be3 Nf6 7. Bc4 Ng4 8.
Qxg4 Nxd4 9. e5 Nxc2+ 10. Kd1 Nxe3+ 11. fxe3 Bxe5 12. Qf3 O-O 13. Kc2 Qc7 14.
Bb3 d6 15. Rac1 Be6 16. Bxe6 fxe6 17. Qh3 Qc4 18. Kb1 Qd3+ 19. Ka1 Qf5 20. Qh4
Bf6 21. Qh6 Bg5 22. Qh3 Qxh3 23. gxh3 Bxe3 24. Rce1 Rf3 25. Nd1 Bg5 26. Rxe6
Rxh3 27. Nc3 Re3 28. Ne4 Bh4 29. a3 d5 30. Nf6+ Bxf6 31. Rxe3 Rc8 32. Rb3 b6
33. Rd1 e6 34. Re3 Kf7 35. Rde1 e5 36. Rf1 Ke6 37. Rd1 e4 38. Ka2 Rc2 39. Rb1
Rxh2 40. Kb3 Bg5 41. Rc3 Ke5 42. Rc7 a5 43. Rb7 Be3 44. Re1 Bc5 45. Rd1 e3 46.
Re1 Kd4 47. Rd1+ Ke4 48. Re1 d4 49. Kc4 d3 50. b4 axb4 51. axb4 Rc2+ 52. Kb5 d2
53. Rd1 Rc1 54. Rxc1 dxc1=Q 55. bxc5 Qxc5+ 56. Ka4 Qc6+ 57. Ka3 Qxb7 58. Ka4
Qc6+ 59. Ka3 Qb5 60. Ka2 Kd4 61. Ka1 Kc3 62. Ka2 Qb2# 0-1

[Event "ODJM B 2017"]
[Site "Willingen GER"]
[Date "2017.06.04"]
[Round "2"]
[White "Bräutigam, Alexander"]
[Black "Löding, Sarah-Marie"]
[Result "1-0"]
[Termination "normal"]
[Board "33"]
[WhiteElo "1039"]
[BlackElo "1120"]
[PlyCount "69"]
[WhiteFideId "16245210"]
[BlackFideId "16245164"]
[EventCountry "GER"]
[EventRounds "9"]
[EventType "swiss"]
[EventDate "2017.06.03"]

1. c4 e5 2. Nc3 Nf6 3. d3 c6 4. Nf3 d6 5. Bg5 Be7 6. g3 Bg4 7. Bg2 O-O 8. O-O
Nbd7 9. h3 Bh5 10. Qb3 Rb8 11. Qa3 a6 12. Rfe1 d5 13. Bxf6 Nxf6 14. Qb3 d4 15.
Nd1 Qc7 16. e3 dxe3 17. Rxe3 Bd6 18. Nc3 Rfe8 19. Rae1 h6 20. Nh4 g5 21. Nf5
Kh7 22. Be4 Nxe4 23. Nxe4 Re6 24. Nexd6 Bg6 25. Rxe5 Rxe5 26. Rxe5 Bxf5 27.
Rxf5 Qxd6 28. Rxf7+ Kg6 29. Rxb7 Re8 30. c5 Qf6 31. Qc3 Qf8 32. g4 Re2 33. Qd4
Re6 34. Qd7 Rf6 35. Qh7# 1-0

[Event "ODJM B 2017"]
[Site "Willingen GER"]
[Date "2017.06.04"]
[Round "2"]
[White "Frank, Cillian"]
[Black "Ludwig, Lea"]
[Result "1-0"]
[Termination "normal"]
[Board "34"]
[WhiteElo "1065"]
[BlackElo "1251"]
[PlyCount "61"]
[WhiteFideId "16245202"]
[BlackFideId "16217381"]
[EventCountry "GER"]
[EventRounds "9"]
[EventType "swiss"]
[EventDate "2017.06.03"]

1. e4 c5 2. Nf3 d6 3. Bb5+ Bd7 4. Bxd7+ Nxd7 5. d4 cxd4 6. Nxd4 e6 7. Nb5 Nc5
8. Be3 Nf6 9. Bxc5 dxc5 10. Qxd8+ Rxd8 11. N1c3 a6 12. Na3 Be7 13. Nc4 b5 14.
e5 bxc4 15. exf6 Bxf6 16. O-O O-O 17. Rad1 Rb8 18. Rb1 Rfd8 19. Rfd1 Rxd1+ 20.
Nxd1 a5 21. c3 h6 22. Ne3 g5 23. Nxc4 a4 24. Rd1 Kg7 25. g3 Kg6 26. Rd7 Bg7 27.
Ra7 Rd8 28. Rxa4 f5 29. Ra5 Rc8 30. Ra6 Kf7 31. Nd6+ 1-0

[Event "ODJM B 2017"]
[Site "Willingen GER"]
[Date "2017.06.04"]
[Round "2"]
[White "Schulz, Jonas"]
[Black "Guo, Jacob Tingshen"]
[Result "0-1"]
[Termination "normal"]
[Board "37"]
[WhiteElo "1120"]
[BlackElo "971"]
[PlyCount "52"]
[WhiteFideId "16245172"]
[BlackFideId "16245245"]
[EventCountry "GER"]
[EventRounds "9"]
[EventType "swiss"]
[EventDate "2017.06.03"]

1. e4 e5 2. Nf3 Nc6 3. Bc4 Nf6 4. Nc3 Nxe4 5. Nxe4 d5 6. Bxd5 Qxd5 7. Nc3 Qd8
8. d3 Bg4 9. Bg5 Be7 10. Bxe7 Qxe7 11. Nd5 Qd6 12. c4 Nd4 13. Qa4+ c6 14. Nxd4
exd4 15. O-O O-O 16. Nb4 Qg6 17. Rae1 Bh3 18. g3 Bxf1 19. Rxf1 c5 20. Nd5 Qxd3
21. Rd1 Qf3 22. Ne7+ Kh8 23. Qc2 Rfe8 24. Nf5 Re2 25. Nh4 Qxf2+ 26. Kh1 Qxh2#
0-1

[Event "ODJM B 2017"]
[Site "Willingen GER"]
[Date "2017.06.04"]
[Round "2"]
[White "Reyher, Bastian"]
[Black "Foos, Vanessa"]
[Result "1-0"]
[Termination "normal"]
[Board "38"]
[WhiteElo "1102"]
[BlackElo "935"]
[PlyCount "73"]
[WhiteFideId "12927465"]
[BlackFideId "16245270"]
[EventCountry "GER"]
[EventRounds "9"]
[EventType "swiss"]
[EventDate "2017.06.03"]

1. e4 e5 2. Nf3 Nc6 3. Bc4 Bc5 4. c3 Nf6 5. d4 exd4 6. cxd4 Bb4+ 7. Bd2 d5 8.
exd5 Bxd2+ 9. Nbxd2 Nxd5 10. O-O O-O 11. Qb3 Nf4 12. Ne4 Nxd4 13. Nxd4 Qxd4 14.
Ng5 Qf6 15. Nxf7 Rxf7 16. Bxf7+ Qxf7 17. Qe3 Be6 18. Rfd1 Bxa2 19. h3 Re8 20.
Qxa7 Bb3 21. Re1 Ne2+ 22. Kh1 b6 23. Qa3 h6 24. Qb4 Qxf2 25. Qxb3+ Kf8 26. Qf3+
Qxf3 27. gxf3 Ng3+ 28. Kg2 Ne2 29. Kf2 Nd4 30. Rxe8+ Kxe8 31. Re1+ Kd7 32. Rd1
c5 33. f4 Ke6 34. Re1+ Kf5 35. Kg3 Ne6 36. Re5+ Kf6 37. Rd5 1-0

[Event "ODJM B 2017"]
[Site "Willingen GER"]
[Date "2017.06.04"]
[Round "2"]
[White "de Veer, Mara"]
[Black "Claussen, Carlos"]
[Result "1-0"]
[Termination "normal"]
[Board "39"]
[WhiteElo "1052"]
[BlackElo "864"]
[PlyCount "107"]
[WhiteFideId "16217349"]
[BlackFideId "16245288"]
[EventCountry "GER"]
[EventRounds "9"]
[EventType "swiss"]
[EventDate "2017.06.03"]

1. e4 e5 2. Bc4 Nf6 3. d3 Bc5 4. Nf3 Nc6 5. c3 d6 6. Bb3 Bg4 7. Nbd2 a6 8. O-O
O-O 9. Re1 b5 10. Nf1 b4 11. Bg5 h6 12. Bxf6 Qxf6 13. Bd5 Bd7 14. d4 Bb6 15.
dxe5 dxe5 16. cxb4 Rad8 17. a3 Bg4 18. Ne3 Nd4 19. Nxg4 Qe7 20. Ngxe5 Nxf3+ 21.
Nxf3 c6 22. Qa4 cxd5 23. exd5 Qd6 24. Kf1 Qxd5 25. Qxa6 Rd6 26. Rad1 Qc6 27.
Ne5 Qc7 28. Nc4 Rxd1 29. Rxd1 Ba7 30. g3 Rd8 31. Rxd8+ Qxd8 32. Qd6 Qxd6 33.
Nxd6 Bd4 34. b3 Kf8 35. b5 Ke7 36. Nf5+ Ke6 {Hier spielte Schwarz den illegalen
Zug Kd6. Daher Zeitzug Kd5 Ke1 eingefügt} 37. Nxd4+ Kd5 38. Ke1 Kc5 39. a4 Kb6
40. Ke2 g6 41. Kd3 f5 42. Kc4 h5 43. Kb4 g5 44. a5+ Kc7 45. Kc5 g4 46. b6+ Kc8
47. Kc6 h4 48. b7+ Kb8 49. a6 hxg3 50. hxg3 f4 51. a7+ Kxa7 52. Kc7 Ka6 53.
b8=Q Ka5 54. Qb5# 1-0

[Event "ODJM B 2017"]
[Site "Willingen GER"]
[Date "2017.06.04"]
[Round "2"]
[White "Schicks, Jonathan"]
[Black "Paeslack, Timo"]
[Result "0-1"]
[Termination "normal"]
[Board "40"]
[WhiteElo "741"]
[BlackElo "1041"]
[PlyCount "48"]
[WhiteFideId "16245296"]
[BlackFideId "12993522"]
[EventCountry "GER"]
[EventRounds "9"]
[EventType "swiss"]
[EventDate "2017.06.03"]

1. e4 e5 2. Nf3 Nc6 3. Bc4 Nf6 4. Ng5 d5 5. Nxf7 Kxf7 6. Bxd5+ Nxd5 7. Qh5+ g6
8. Qf3+ Nf6 9. Nc3 Bg4 10. Qg3 Nd4 11. O-O Bb4 12. Qxe5 Bxc3 13. dxc3 Ne2+ 14.
Kh1 Re8 15. Qb5 Nxe4 16. h3 N2g3+ 17. Kg1 Nxf1 18. Bf4 Qf6 19. g3 g5 20. hxg4
gxf4 21. Qh5+ Qg6 22. Qd5+ Kg7 23. gxf4 Qxg4+ 24. Kh1 Nxf2# 0-1

[Event "ODJM B 2017"]
[Site "Willingen GER"]
[Date "2017.06.04"]
[Round "2"]
[White "Schulz, Paul"]
[Black "Listing, Lara Marie"]
[Result "1-0"]
[Termination "normal"]
[Board "43"]
[WhiteElo "1001"]
[BlackElo "724"]
[PlyCount "45"]
[WhiteFideId "16245237"]
[BlackFideId "16245300"]
[EventCountry "GER"]
[EventRounds "9"]
[EventType "swiss"]
[EventDate "2017.06.03"]

1. e4 e5 2. Nf3 Nc6 3. Bb5 Nf6 4. O-O Bc5 5. d3 d6 6. Bg5 Bg4 7. Nbd2 O-O 8.
Bxc6 bxc6 9. Nb3 Bb6 10. Re1 d5 11. Bh4 dxe4 12. dxe4 Qxd1 13. Raxd1 Bxf3 14.
gxf3 Nh5 15. Bg3 a5 16. Bxe5 a4 17. Nd2 Ba5 18. c3 Rfe8 19. Nc4 Rab8 20. Nxa5
Rxe5 21. Nxc6 Rg5+ 22. Kh1 Rb6 23. Rd8# 1-0

[Event "ODJM B 2017"]
[Site "Willingen GER"]
[Date "2017.06.06"]
[Round "4"]
[White "Reyher, Susan"]
[Black "Schilay, Maria"]
[Result "1-0"]
[Termination "normal"]
[Board "1"]
[WhiteElo "1715"]
[BlackElo "1322"]
[WhiteClock "01:02:05"]
[BlackClock "00:28:01"]
[PlyCount "87"]
[WhiteFideId "24686107"]
[BlackFideId "12942979"]
[EventCountry "GER"]
[EventRounds "9"]
[EventType "swiss"]
[EventDate "2017.06.03"]

1. e4 {[%clk 1:30:57]} 1... e5 {[%clk 1:30:54]} 2. Bc4 {[%clk 1:31:07]} 2...
Nf6 {[%clk 1:30:38]} 3. d3 {[%clk 1:31:26]} 3... Nc6 {[%clk 1:30:32]} 4. Nc3 {
[%clk 1:28:26]} 4... h6 {[%clk 1:28:22]} 5. Be3 {[%clk 1:27:54]} 5... Be7 {
[%clk 1:26:35]} 6. Nge2 {[%clk 1:26:15]} 6... d6 {[%clk 1:26:11]} 7. O-O {
[%clk 1:25:59]} 7... Be6 {[%clk 1:25:51]} 8. Bb3 {[%clk 1:26:03]} 8... Qd7 {
[%clk 1:16:40]} 9. Ba4 {[%clk 1:21:06]} 9... a6 {[%clk 1:13:37]} 10. d4 { [%clk
1:19:24]} 10... exd4 {[%clk 1:08:59]} 11. Nxd4 {[%clk 1:18:50]} 11... b5 {[%clk
1:08:43]} 12. Ncxb5 {[%clk 1:18:12]} 12... O-O {[%clk 0:43:36]} 13. Nc3 {[%clk
1:16:12]} 13... Qc8 {[%clk 0:41:25]} 14. Nxc6 {[%clk 1:16:03]} 14... Bd8 {[%clk
0:29:23]} 15. Nd4 {[%clk 1:10:57]} 15... Be7 {[%clk 0:25:25]} 16. f4 { [%clk
1:06:26]} 16... c5 {[%clk 0:18:49]} 17. Nc6 {[%clk 1:02:28]} 17... Qb7 { [%clk
0:17:25]} 18. Nxe7+ {[%clk 1:02:27]} 18... Qxe7 {[%clk 0:17:46]} 19. f5 { [%clk
1:00:33]} 19... Bc4 {[%clk 0:17:24]} 20. Rf4 {[%clk 1:00:34]} 20... Rad8 {[%clk
0:14:54]} 21. b3 {[%clk 1:00:28]} 21... d5 {[%clk 0:13:21]} 22. bxc4 { [%clk
0:52:29]} 22... d4 {[%clk 0:13:33]} 23. Bxd4 {[%clk 0:52:43]} 23... Rxd4 {[%clk
0:13:36]} 24. Qe2 {[%clk 0:52:34]} 24... Qe5 {[%clk 0:13:32]} 25. g3 { [%clk
0:49:29]} 25... Rfd8 {[%clk 0:13:14]} 26. Rd1 {[%clk 0:48:45]} 26... Rxd1+
{[%clk 0:12:59]} 27. Nxd1 {[%clk 0:46:28]} 27... Qd4+ {[%clk 0:13:02]} 28. Nf2
{[%clk 0:46:09]} 28... Qa1+ {[%clk 0:12:24]} 29. Kg2 {[%clk 0:44:28]} 29...
Qxa2 {[%clk 0:12:36]} 30. Bb3 {[%clk 0:44:28]} 30... Qb2 {[%clk 0:12:13]} 31.
e5 {[%clk 0:44:40]} 31... Re8 {[%clk 0:11:32]} 32. Nd3 {[%clk 0:44:19]} 32...
Qc3 {[%clk 0:11:30]} 33. Qf2 {[%clk 0:42:30]} 33... Nd7 {[%clk 0:11:14]} 34.
Re4 {[%clk 0:39:45]} 34... Qa5 {[%clk 0:07:11]} 35. e6 {[%clk 0:38:09]} 35...
Nf6 {[%clk 0:05:51]} 36. Re2 {[%clk 0:36:04]} 36... Qb6 {[%clk 0:05:34]} 37.
Nxc5 {[%clk 0:34:22]} 37... Qc6+ {[%clk 0:05:39]} 38. Kg1 {[%clk 0:33:52]}
38... Ng4 {[%clk 0:05:14]} 39. Qd4 {[%clk 0:33:07]} 39... Nf6 {[%clk 0:04:29]}
40. Ba4 {[%clk 0:33:18]} 40... Qc8 {[%clk 0:03:12]} 41. Bxe8 {[%clk 0:33:18]}
41... Qxe8 {[%clk 0:03:31]} 42. Nxa6 {[%clk 0:32:54]} 42... Kh7 {[%clk 0:02:41]
} 43. e7 {[%clk 0:32:29]} 43... Qc8 {[%clk 0:28:01]} 44. Nb4 {[%clk 1:02:05]}
1-0

[Event "ODJM B 2017"]
[Site "Willingen GER"]
[Date "2017.06.06"]
[Round "4"]
[White "Leßmann, Sönke"]
[Black "Schulze, Lukas"]
[Result "1-0"]
[Termination "normal"]
[Board "2"]
[WhiteElo "1557"]
[BlackElo "1408"]
[WhiteClock "00:06:33"]
[BlackClock "00:03:46"]
[PlyCount "99"]
[WhiteFideId "16222520"]
[BlackFideId "12956856"]
[EventCountry "GER"]
[EventRounds "9"]
[EventType "swiss"]
[EventDate "2017.06.03"]

1. e4 {[%clk 1:30:58]} 1... c6 {[%clk 1:30:56]} 2. d3 {[%clk 1:31:21]} 2... d5
{[%clk 1:31:22]} 3. Nd2 {[%clk 1:31:38]} 3... e5 {[%clk 1:31:49]} 4. Ngf3 {
[%clk 1:31:38]} 4... Bd6 {[%clk 1:32:10]} 5. g3 {[%clk 1:31:34]} 5... Nf6 {
[%clk 1:32:26]} 6. Bg2 {[%clk 1:31:55]} 6... O-O {[%clk 1:32:28]} 7. O-O {
[%clk 1:32:20]} 7... Re8 {[%clk 1:32:47]} 8. h3 {[%clk 1:32:12]} 8... Nbd7 {
[%clk 1:32:48]} 9. Re1 {[%clk 1:32:23]} 9... Qc7 {[%clk 1:27:23]} 10. b3 {
[%clk 1:31:45]} 10... a5 {[%clk 1:27:11]} 11. a4 {[%clk 1:30:40]} 11... d4 {
[%clk 1:25:39]} 12. Bb2 {[%clk 1:30:37]} 12... b5 {[%clk 1:23:22]} 13. Nh4 {
[%clk 1:23:51]} 13... Nc5 {[%clk 1:22:03]} 14. Nf5 {[%clk 1:19:13]} 14... Bxf5
{[%clk 1:22:18]} 15. exf5 {[%clk 1:19:37]} 15... Rab8 {[%clk 1:21:36]} 16. axb5
{[%clk 1:19:09]} 16... cxb5 {[%clk 1:20:52]} 17. Ba3 {[%clk 1:17:10]} 17... Qd7
{[%clk 1:15:49]} 18. Bxc5 {[%clk 1:11:10]} 18... Bxc5 {[%clk 1:16:11]} 19. Ne4
{[%clk 1:11:29]} 19... Nxe4 {[%clk 1:09:50]} 20. Bxe4 {[%clk 1:10:53]} 20... a4
{[%clk 1:05:13]} 21. Qf3 {[%clk 0:54:03]} 21... Rb6 {[%clk 1:04:51]} 22. Reb1 {
[%clk 0:53:15]} 22... Rc8 {[%clk 0:51:07]} 23. Bd5 {[%clk 0:40:23]} 23... Bb4 {
[%clk 0:46:40]} 24. bxa4 {[%clk 0:35:25]} 24... bxa4 {[%clk 0:46:22]} 25. Bc4 {
[%clk 0:34:41]} 25... Rcb8 {[%clk 0:45:15]} 26. Qd5 {[%clk 0:28:01]} 26... Qxd5
{[%clk 0:36:31]} 27. Bxd5 {[%clk 0:28:09]} 27... a3 {[%clk 0:36:15]} 28. Ra2 {
[%clk 0:25:14]} 28... Be7 {[%clk 0:34:53]} 29. Bb3 {[%clk 0:24:01]} 29... h5 {
[%clk 0:30:09]} 30. Kg2 {[%clk 0:21:19]} 30... Bb4 {[%clk 0:23:53]} 31. Kf3 {
[%clk 0:19:11]} 31... Rf6 {[%clk 0:21:36]} 32. Ke4 {[%clk 0:18:35]} 32... Bd6 {
[%clk 0:19:01]} 33. f3 {[%clk 0:18:05]} 33... Rd8 {[%clk 0:18:28]} 34. Bc4 {
[%clk 0:17:29]} 34... h4 {[%clk 0:13:20]} 35. g4 {[%clk 0:17:25]} 35... Rh6 {
[%clk 0:12:04]} 36. Rb7 {[%clk 0:17:17]} 36... Rf8 {[%clk 0:10:53]} 37. g5 {
[%clk 0:11:47]} 37... Rh5 {[%clk 0:07:27]} 38. g6 {[%clk 0:11:40]} 38... Rh6 {
[%clk 0:06:36]} 39. Bxf7+ {[%clk 0:10:55]} 39... Kh8 {[%clk 0:06:30]} 40. Rd7 {
[%clk 0:10:55]} 40... Bc5 {[%clk 0:06:28]} 41. Rd5 {[%clk 0:10:20]} 41... Be7 {
[%clk 0:06:31]} 42. Rxe5 {[%clk 0:10:34]} 42... Bd6 {[%clk 0:06:52]} 43. Rd5 {
[%clk 0:09:51]} 43... Be7 {[%clk 0:03:03]} 44. Rxd4 {[%clk 0:09:49]} 44... Rb8
{[%clk 0:03:23]} 45. Bb3 {[%clk 0:08:40]} 45... Rh5 {[%clk 0:03:24]} 46. f4 {
[%clk 0:07:39]} 46... Rb5 {[%clk 0:03:26]} 47. Rxa3 {[%clk 0:06:25]} 47...
Rhxf5 {[%clk 0:03:19]} 48. Ra8+ {[%clk 0:06:19]} 48... Rf8 {[%clk 0:03:42]} 49.
Rxf8+ {[%clk 0:06:23]} 49... Bxf8 {[%clk 0:03:46]} 50. Rd8 {[%clk 0:06:33]} 1-0